| 000 | 01026cab a2200241 4500 | ||
|---|---|---|---|
| 001 | ABS52101 | ||
| 008 | 090401t1994 xxu||||| |||| 00| 0 eng d | ||
| 035 | _a(Sirsi) u60720 | ||
| 041 | _aeng | ||
| 245 | _aMoD and the conservation of the defence heritage - recent events | ||
| 260 | _c1994 | ||
| 350 | _a0 | ||
| 490 |
_aBuilding Conservation Newsletter _v(11) Winter 1994, 7-14(8) |
||
| 520 | _aCollection of articles looking at different aspects of building conservation within the defence portfolio. Gives an overview of recent events and looks in particular at the Royal Commission Land Forts of Portsmouth, the refurbishment of Cardington Hangar, Portsmouth Historic Dockyard and Fort Brockhurt now used by English Heritage as a training centre. | ||
| 650 | _aBUILDING CONSERVATION TRAINING CENTRE | ||
| 650 | _aBUILDING CONSERVATION | ||
| 650 | _aDEFENCE PORTFOLIO | ||
| 650 | _aDEFENCE PROPERTY | ||
| 650 | _aENGLISH HERITAGE GUARDIANSHIP | ||
| 690 | _aCONSERVATION | ||
| 942 | _n0 | ||
| 948 | _c04/03/1997 | ||
| 999 |
_c37515 _d37515 |
||